000 02197nam0a2200337 4500
001 RU\NLR\BIBL_A\012519435
005 20210702130129.0
010 _a978-5-907275-74-4
_990
021 _aRU
_bКН-П-20-087311
_9КН-П-20-6640
035 _a(NLR Aleph) 012519435
035 _a(RuMoRGB)010535515
090 _a12317147
_c12317147
100 _a20210517d2020 u y0rusy50 ca
101 0 _arus
102 _aRU
105 _aa|||jzzz0||zy
181 0 _ai3
_baxxe
182 0 _an
200 1 _aОрганизация бизнес-процессов обеспечения доступной среды на авиатранспорте
_eучебное пособие
_eдля обучающихся по направлению подготовки 25.03.03
_fН. В. Васильева
_gФедеральное агентство воздушного транспорта, Федеральное государственное бюджетное образовательное учреждение высшего образования "Московский государственный технический университет гражданской авиации" (МГТУ ГА), Кафедра экономики и управления на воздушном транспорте
203 _aТекст
_bвизуальный
_cнепосредственный
210 _aМосква
_cИД Академии Жуковского
_cМосковский государственный технический университет ГА
_d2020
215 _a83 с.
_cил., табл.
_d21
320 _aБиблиогр.: с. 80-81 и в тексте
606 1 _aВоздушный транспорт
_jУчебные издания для высших учебных заведений
_xПредпринимательство
_92619696
_3RU\NLR\auth\661556256
686 1 _aУ37(0)5-13я73
700 1 _7ca
_8rus
_aВасильева
_bН. В.
_cканд. техн. наук
_gНаталья Валентиновна
_9207611
_3RU\NLR\AUTH\770207664
942 _cBOOK
980 _aNBR
980 _aNB